000 00634cam a2200217 a 4500
001 1507964
005 20180307031708.0
008 890628s1990 nyua b 001 0 eng
010 _a 89012664
020 _a0070669694 :
_c$48.95
040 _aDLC
_cDLC
_dDLC
041 _aeng
080 _a612 VAN
082 0 0 _a612 VAN
_220
100 1 _a7
101 _aANA
245 1 0 _aHuman physiology :
_cArthur J. Vander, James H. Sherman, Dorothy S. Luciano.
504 _aIncludes bibliographical references and index.
906 _a7
_bcbc
_corignew
_d1
_eocip
_f19
_gy-gencatlg
942 _2ddc
_cBK
999 _c44236
_d44236